000 00561nam a2200241 a 4500
001 nice12345678
003 IN_TiNIC
005 20260116011406.0
008 050524s1947 laha grp 000 0 eng
020 _a
_c0
082 0 0 _a922.97
_bRAV
100 _aRavoof, A A
245 _aMeet Mr. Jinnah
260 _aLahore
_bMuhammad Ashraf
_c1947
300 _a242p
500 _aincludes index and biblioraphy
505 2 _aBibliography
650 _aMuhammad, Ali Jinnah
700 1 _aRavoof, A A
902 _bSRS
942 _cBK
999 _c1106
_d1106